Stars on flags - Statistics

General Stats
  • This quiz has been taken 54 times
  • The average score is 13 of 17
Answer Stats
Picture Answer % Correct
China
100%
United States
100%
Brazil
98%
New Zealand
93%
Honduras
84%
Micronesia
82%
Papua New Guinea
80%
Cape Verde
78%
Tajikistan
78%
Tuvalu
78%
Syria
76%
Venezuela
73%
Samoa
69%
Turkmenistan
64%
Uzbekistan
64%
São Tomé and Principe
62%
Solomon Islands
47%
No matching quizzes found
Score Distribution
Percent of People with Each Score
Percentile by Number Answered
Your Score History
You have not taken this quiz